02308nam a2200421 i 450000100190000000500170001900600190003600700150005500800410007002000180011102400320012903500240016103500250018503500240021003500210023403500280025503500280028304000410031104400160035205000210036810000320038924501270042125000190054826400460056726400090061330000140062250400510063650501740068752007480086165000220160965000280163165000280165970000380168770000450172594200080177095200930177899900150187199110738604850619620250312124851.0m o d | cr cnu||||||||240701s2024 enka ob 001 0 eng d a97814473717627 a10.56687/97814473717862doi a(MiAaPQ)EBC31149823 a(Au-PeEL)EBL31149823 a(CKB)32331502200041 a(DE-B1597)694768 a(DE-B1597)9781447371786 a(EXLCZ)9932331502200041 aMiAaPQbengerdaepncMiAaPQdMiAaPQ axxkcGB-BST 4aHV40b.S536 2024 aShang, Jen,eauthor.92489510aMeaningful Philanthropy b: The Person Behind the Giving c/ Jen Shang and Adrian Sargeant ; with a foreword by Tony Bury. aFirst edition. 1aBristol, England :bPolicy Press,c[2024] 4c2024 a187 pages aIncludes bibliographical references and index. aPsychological ownership and moral conviction — The self — Identity ceding — The essential self — Meaning and meaningfulness — Paths to meaningful philanthropy. aWith unparalleled access to some of the world's most reflective and thoughtful philanthropists, this book explores the philanthropic journeys of 48 high net worth individuals (HNWIs) and ultra-high net worth individuals (UHNWIs) to uncover the person behind the giving. Their stories reveal the difference between the meaning they experience and the impact their philanthropy makes. Through the lens of philanthropic psychology, the authors examine how philanthropists experience their giving and the psychological challenges they need to overcome. This fascinating book provides a unique guide for new and experienced philanthropists and their trusted advisers and fundraisers in the creation of more meaningful philanthropic experiences. 0aCharities.924897 0aHumanitarianism.924898 0aPhilanthropists.924899 aSargeant, Adrian,eauthor.924900 aLopez, Tony,d1950-ewriter of foreword. 2lcc 00102lcc4070aTBSbTBSd2025-03-12l0oHV40 SHApB07502r2025-03-12t1w2025-03-12y1 c4534d4534